000 00587nam a2200205Ia 4500
005 20250923144945.0
008 008 250917s9999 xx 000 0 eng d
037 _aTextual
040 _aDSWL
_beng
_cDSWL
041 _aeng
_2eng
084 _aY115:44.16.N5, K3
_qDSWL
100 _aHenriques, F.
_9830251
245 0 _aProstitution in Europe and the work
_cby F. Henriques
260 _aLondon
_bMacgibbon & Kee
_c1963
300 _a378 p.
365 _aINR
_b50
925 _g50
942 _cTEXL
_hY115:44.16.N5, K3
999 _c1445374
_d1445374